El mundo del delincuente: cinco casos criminológicos (Registro nro. 7875)
[ vista simple ]
| 000 -Cabecera | |
|---|---|
| Campo de control de longitud fija | 00796nam a22002897a 4500 |
| 005 - Fecha y hora de la última transacción | |
| Campo de control | 20260320161727.0 |
| 008 - Elementos de longitud fija--Información general | |
| Campo de control de longitud fija | 160329b2000 xxu||||| |||| 00| 0 spa d |
| 020 ## - International Standard Book Number | |
| Número Internacional Estándar del Libro (ISBN) | 9505725345 |
| 041 ## - Idioma | |
| Código de idioma | Español |
| 082 ## - Clasificación Decimal Dewey | |
| Número de clasificación | 364.3 D249m2 |
| 100 ## - Entrada principal--Autor personal | |
| Nombre personal | David, Pedro R. |
| 9 (RLIN) | 7322 |
| 245 ## - Título propiamente dicho | |
| Título | El mundo del delincuente: cinco casos criminológicos |
| 250 ## - Edición | |
| Mención de edición | 2 edición |
| 260 ## - Pie de imprenta | |
| Lugar de publicación, distribución, etc. | Argentina |
| 260 ## - Pie de imprenta | |
| Nombre del editor, distribuidor, etc. | Zavalia |
| 260 ## - Pie de imprenta | |
| Fecha de publicación, distribución, etc. | 2000 |
| 300 ## - Descripción física | |
| Extensión | 252 páginas |
| 490 ## - Serie | |
| Título de la Serie | Investigación Criminal |
| 650 ## - Materia general | |
| Temática (materia general) | PSICOLOGÍA CRIMINAL |
| 650 ## - Materia general | |
| Temática (materia general) | DELINCUENTES PROFESIONALES |
| 650 ## - Materia general | |
| Temática (materia general) | INSTITUCIONES POLICIALES |
| 650 ## - Materia general | |
| Temática (materia general) | INSTITUCIONES JUDICIALES |
| 650 ## - Materia general | |
| Temática (materia general) | CRIMINOLOGIA INTEGRATIVA |
| 650 ## - Materia general | |
| Temática (materia general) | REFORMA PENAL |
| 650 ## - Materia general | |
| Temática (materia general) | CONSECUENCIAS CRIMINOLOGICAS |
| 942 ## - Punto de acceso adicional KOHA | |
| Tipo de ítem KOHA | Libro |
| Fuente del sistema de clasificación o colocación | Dewey Decimal Classification |
| Signatura completa | Código de barras | Programa Académico | Tipo de ítem |
|---|---|---|---|
| 364.3 D249m2 | 677 | Investigación Criminal | Libro |
| 364.3 D249m2 | 7598 | Investigación Criminal | Libro |